00197nam a2200097Ia 4500008004100000082000800041100001500049245001400064942000600078999001500084240331s9999 xx 000 0 und d bJAY aJayakody,J 0aNuraginna cL c5346d5346